000 00581nam a2200169 a 4500
001 BRCA_1303
005 20190320203351.0
008 300508s1983----mx-a---###---#000-0#spa-#
050 4 _aUE28
_b.R44 1983
245 1 0 _aRegimiento de caballería
_bpoco antes de llegar el Virrey Bucareli.
260 _aMéxico
_b[s.n]
_c1983
300 _a10 hojas sueltas
_bil. a color, 8 láminas
_c36 cm.
600 1 4 _aBucareli Ursua, Antonio María de
_cVirrey
_d1717-1779
_94269
650 1 4 _aCaballería
_ySiglo XVIII
_zMéxico
_94270
650 1 4 _aEjército
_xHistoria
_zMéxico
_94271
942 _2lcc
_cB
999 _c1169
_d1169